01001nam a2200265 a 450000100060000000300080000600500170001400800410003103500190007204000270009104100080011808200250012610000230015124501330017426000380030730000290034549000470037450000190042165100470044065100480048765100580053565100580059370000370065183000470068865375BD-RjUL20211209081422.0170305s1954 enka 001 0 eng  a(BD-RjUL)65505 aDLCcLNUdBD-RjULbeng aeng 223a942.05bPRP 19541 aPrice, Mary Roper.12aA portrait of Britain under Tudors and Stuarts, 1485-1688, /cby Mary R. Price and C.E.L. Mather. Illustrated by R.S. Sherriffs. aOxford :bClarendon Press,c1954. a256 p. :bill. ;c21 cm.0 aThe Oxford introduction to British history aIncludes index 0aGreat BritainxHistoryyTudors, 1485-1603. 0aGreat BritainxHistoryyStuarts, 1603-1714. 0aGreat BritainxSocial life and customsy16th century. 0aGreat BritainxSocial life and customsy17th century.1 aMather, C. E. L.,ejoint author. aThe Oxford introduction to British history